Supervision management / (Record no. 14729)

MARC details
000 -LEADER
fixed length control field 00985nam a22002537a 4500
005 - DATE AND TIME OF LATEST TRANSACTION
control field 20080806110824.0
008 - FIXED-LENGTH DATA ELEMENTS--GENERAL INFORMATION
fixed length control field 080806t xxu||||| |||| 00| 0 eng d
010 ## - LCCN (DPL NO)
LC control number ENG-90675
020 ## - INTERNATIONAL STANDARD BOOK NUMBER
International Standard Book Number 9788184350961
Terms of availability 650.00
035 ## - SYSTEM CONTROL NUMBER
System control number EN-74208
037 ## - SOURCE OF ACQUISITION
Source of stock number/acquisition DBAD / PUB
040 ## - CATALOGING SOURCE
Original cataloging agency DPL
Language of cataloging EN
082 ## - DEWEY DECIMAL CLASSIFICATION NUMBER
Classification number 658.302
100 ## - MAIN ENTRY--PERSONAL NAME
Personal name Wagdre, Hemant
245 ## - TITLE STATEMENT
Title Supervision management /
Statement of responsibility, etc by Hemant Wagdre
260 ## - PUBLICATION, DISTRIBUTION, ETC. (IMPRINT)
Place of publication, distribution, etc New Delhi
Name of publisher, distributor, etc Adhyayan Publishers & Distributors
Date of publication, distribution, etc 2007
270 ## - ADDRESS
Address 4.78/4B, 105, J.M.D. House, Murari Lal Street, Ansari Raod, Darya Ganj,
City New Delhi
Postal code 110002
Telephone number 23263018
300 ## - PHYSICAL DESCRIPTION
Extent vi, 254p.
Dimensions 23 cm (Hb)
500 ## - GENERAL NOTE
General note Includes bibliographical references and index
650 ## - SUBJECT ADDED ENTRY--TOPICAL TERM
Topical term or geographic name as entry element Supervision of employees
650 ## - SUBJECT ADDED ENTRY--TOPICAL TERM
Topical term or geographic name as entry element Personnel management
942 ## - ADDED ENTRY ELEMENTS (KOHA)
Source of classification or shelving scheme Dewey Decimal Classification
Item type English Books
Classification part 658.302
Call number suffix WAG
Holdings
Withdrawn status Lost status Source of classification or shelving scheme Damaged status Not for loan Collection code Home library Current library Date acquired Cost, normal purchase price Total Checkouts Full call number Barcode Date last seen Copy number Cost, replacement price Koha item type
    Dewey Decimal Classification   Not For Loan Non-fiction D.B.Act.Division D.B.Act.Division 06/08/2008 650.00   658.302 WAG EN-74208 15/09/2008 1 650.00 English Books

© Delhi Public Library
Hit Counter
free hit counter